| 000 | 01014am a2200325a 44500 | ||
|---|---|---|---|
| 003 | AR-BaBNM | ||
| 005 | 20251128210219.0 | ||
| 008 | 069019s1994 #AR|||||||||||000 | esp|| | ||
| 020 | _a84-7112-331-2 | ||
| 040 | _cAR-BaBNM | ||
| 100 | 1 | _aHarlen, Wynne | |
| 245 | 1 | 0 | _aEnseñanza y aprendizaje de las ciencias |
| 250 | _a2ª ed. | ||
| 260 |
_aMadrid _bEdiciones Morata _bMinisterio de Educación y Ciencia _c1994 |
||
| 300 |
_a350 p. _bil., tablas, diagr. |
||
| 490 | 0 |
_aEducación infantil y primaria _vv. 9 |
|
| 500 | _aContiene índice alfabético p. 347-350 | ||
| 504 | _aContiene bibliografía p. 342-346 | ||
| 650 | 4 | _aENSEÑANZA DE LA CIENCIA | |
| 650 | 4 | _aENSEÑANZA DE LA FISICA | |
| 650 | 4 | _aENSEÑANZA DE LA QUIMICA | |
| 650 | 4 | _aPLANIFICACION DEL CURRICULO | |
| 650 | 4 | _aTECNICAS DE ENSEÑANZA | |
| 650 | 4 | _aROL DEL DOCENTE | |
| 650 | 4 | _aSELECCION DE MATERIAL DIDACTICO | |
| 653 | _aEDUCACION PRIMARIA | ||
| 700 | 1 |
_aManzano, Pablo _etraductor |
|
| 942 | _cBK | ||
| 998 | _cRaquel | ||
| 999 |
_c14532 _d14532 |
||